Mixed tenure the way ahead (Record no. 72625)

MARC details
000 -LEADER
fixed length control field 00919cam a2200217 4500
001 - CONTROL NUMBER
control field WB3917-11
008 - FIXED-LENGTH DATA ELEMENTS--GENERAL INFORMATION
fixed length control field 030506n2003 000 0 eng u
035 ## - SYSTEM CONTROL NUMBER
System control number (Sirsi) u122197
245 ## - TITLE STATEMENT
Title Mixed tenure the way ahead
260 ## - PUBLICATION, DISTRIBUTION, ETC.
Date of publication, distribution, etc. 2003
490 ## - SERIES STATEMENT
Series statement Inside Housing
Volume/sequential designation 2 May 2003, 7(1)
520 ## - SUMMARY, ETC.
Summary, etc. Major research has backed mixed tenure as a solution to problems of social stigma and low demand on social housing estates. Independent research for the Joseph Rowntree Foundation indicates that the advantages of mixed tenures include lower turnover, more demand and a better reputation for the area. "Rebalancing communities" costs £11.95 + £2 p&p, t: +44(0)1904 430033 or http://www.jrf.org.uk
590 ## - LOCAL NOTE (RLIN)
Local note WB
650 ## - SUBJECT ADDED ENTRY--TOPICAL TERM
Topical term or geographic name entry element RESEARCH PROJECT
650 ## - SUBJECT ADDED ENTRY--TOPICAL TERM
Topical term or geographic name entry element MIXED TENURE
650 ## - SUBJECT ADDED ENTRY--TOPICAL TERM
Topical term or geographic name entry element JOSEPH ROWNTREE FOUNDATION
650 ## - SUBJECT ADDED ENTRY--TOPICAL TERM
Topical term or geographic name entry element HOUSING ESTATES
650 ## - SUBJECT ADDED ENTRY--TOPICAL TERM
Topical term or geographic name entry element SOCIAL HOUSING
690 ## - LOCAL SUBJECT ADDED ENTRY--TOPICAL TERM (OCLC, RLIN)
Topical term or geographic name as entry element HOUSING
942 ## - ADDED ENTRY ELEMENTS (KOHA)
Suppress in OPAC 0
Holdings
Withdrawn status Lost status Source of classification or shelving scheme Damaged status Not for loan Home library Current library Shelving location Date acquired Total Checkouts Full call number Barcode Date last seen Copy number Price effective from Koha item type
    Dewey Decimal Classification     London London News article 06/05/2003   WB3917-11 122197-1001 06/08/2019 1 06/08/2019 News article